|
|
|
|
| LEADER |
00000nam0a2200000 4500 |
| 001 |
212473 |
| 005 |
20231101225747.0 |
| 010 |
|
|
|a 9785953207577
|
| 035 |
|
|
|a (RuTPU)RU\TPU\book\232126
|
| 090 |
|
|
|a 212473
|
| 100 |
|
|
|a 20120327d2012 m y0rusy50 ca
|
| 101 |
0 |
|
|a rus
|
| 102 |
|
|
|a RU
|
| 105 |
|
|
|a a j 001zy
|
| 200 |
1 |
|
|a Стратегический менеджмент в АПК
|e учебное пособие
|f А. М. Нехланова, М. Б. Туманова
|g Агрообразование
|
| 210 |
|
|
|a Москва
|c КолосС
|d 2012
|
| 215 |
|
|
|a 312 с.
|c ил.
|
| 225 |
1 |
|
|a Учебники и учебные пособия для студентов высших учебных заведений
|
| 320 |
|
|
|a Библиогр.: с. 308-309.
|
| 330 |
|
|
|a Рассмотрены актуальные теоретические вопросы и практические проблемы стратегического менеджмента в АПК на основе отечественной и зарубежной теории и практики. Раскрыто влияние специфики сельскохозяйственного производства на процесс разработки и реализации стратегии. Анализируются стратегии развития бизнеса в АПК с учетом факторов интенсивного развития продовольственных рынков и глобализации экономики. Для студентов вузов по специальности «Экономика и управление на предприятиях АПК», а также аспирантов, руководителей и специалистов предприятий АПК, занимающихся разработкой и реализацией стратегий.
|
| 606 |
1 |
|
|a Агро-промышленный комплекс
|x Управление
|2 stltpush
|3 (RuTPU)RU\TPU\subj\38108
|9 58790
|
| 610 |
1 |
|
|a сельскохозяйственное производство
|
| 610 |
1 |
|
|a стратегический менеджмент
|
| 610 |
1 |
|
|a АПК
|
| 610 |
1 |
|
|a аграрный сектор
|
| 610 |
1 |
|
|a глобализация
|
| 610 |
1 |
|
|a стратегия
|
| 610 |
1 |
|
|a конкурентные преимущества
|
| 610 |
1 |
|
|a внешняя среда
|
| 610 |
1 |
|
|a внутренняя среда
|
| 610 |
1 |
|
|a конкурентный анализ
|
| 610 |
1 |
|
|a Миссия
|
| 610 |
1 |
|
|a изменения
|
| 610 |
1 |
|
|a организационная структура
|
| 610 |
1 |
|
|a учебные пособия
|
| 686 |
|
|
|a У9(2)32-43я73
|v LBC/SL-A
|2 rubbk
|
| 700 |
|
1 |
|a Нехланова
|b А. М.
|g Александра Михайловна
|
| 701 |
|
1 |
|a Туманова
|b М. Б.
|g Мария Будаевна
|
| 712 |
0 |
2 |
|a Агрообразование
|c Международная ассоциация
|c (Москва)
|2 stltpush
|3 (RuTPU)RU\TPU\col\10748
|9 24921
|
| 801 |
|
1 |
|a RU
|b 63413507
|c 20120327
|
| 801 |
|
2 |
|a RU
|b 63413507
|c 20150601
|g RCR
|
| 900 |
|
|
|a Стратегический менеджмент
|
| 942 |
|
|
|c BK
|
| 953 |
|
|
|b 080100
|
| 959 |
|
|
|a 46/20120327
|d 2
|e 770,00
|f ЧЗГЛ:1
|f АНЛ:1
|